Tư tưởng biện chứng Hồ Chí Minh

Trình bày cơ sở thực tiễn và lí luận hình thành nên tư tưởng biện chứng của Chủ tịch Hồ Chí Minh. Phân tích một số nội dung cơ bản của quan điểm biện chứng trong tư tưởng Hồ Chí Minh. Việc vận dụng tư tưởng vào thực tiễn cách mạng...

全面介紹

Đã lưu trong:
書目詳細資料
主要作者: Nguyễn, Đức Đạt
格式: 圖書
語言:Undetermined
出版: Hà Nội Chính trị Quốc gia 2005
主題:
標簽: 添加標簽
沒有標簽, 成為第一個標記此記錄!
Thư viện lưu trữ: Trung tâm Học liệu Trường Đại học Cần Thơ
LEADER 01072nam a2200205Ia 4500
001 CTU_115682
008 210402s9999 xx 000 0 und d
020 |c 26000 
082 |a 335.4346 
082 |b Đ110 
100 |a Nguyễn, Đức Đạt 
245 0 |a Tư tưởng biện chứng Hồ Chí Minh 
245 0 |c Nguyễn Đức Đạt 
260 |a Hà Nội 
260 |b Chính trị Quốc gia 
260 |c 2005 
520 |a Trình bày cơ sở thực tiễn và lí luận hình thành nên tư tưởng biện chứng của Chủ tịch Hồ Chí Minh. Phân tích một số nội dung cơ bản của quan điểm biện chứng trong tư tưởng Hồ Chí Minh. Việc vận dụng tư tưởng vào thực tiễn cách mạng Việt Nam, vào công cuộc đổi mới của nước Việt Nam. 
650 |a Communism,Communist parties,Ho Chi Minh 
904 |i Giang,Qhieu đã sưa 
980 |a Trung tâm Học liệu Trường Đại học Cần Thơ